000 01567nam0a2200313 4500
001 RU\NLR\bibl\1834404
005 20250616165742.0
021 _aRU
_b2011-82909
_95909
035 _a(NLR Aleph) 001824892
090 _a2056978
_c2056978
100 _a20111116d2011 |||y0rusy50 ca
101 0 _arus
102 _aRU
105 _ay |||||||||
200 1 _aМетодика публичного выступления
_eучебно-методическое пособие для студентов очной и заочной форм обучения
_fС.М. Халин
_gРос. Федерация, М-во образования и науки, Гос. образоват. учреждение высш. проф. образования Тюм. гос. ун-т, Ин-т государства и права, Институт филологии ижурналистики
205 _a[2-е изд., перераб. и доп.]
210 _aТюмень
_cИзд-во Тюменского государственного университета
_d2011
215 _a120 с.
_d20
320 _aБиблиогр.: с. 82-86
606 1 _aРиторика
_jУчебно-методические пособия для высших учебных заведений
_91878520
_3RU\NLR\auth\66853436
686 _aШ7я73-1
700 1 _aХалин
_bС. М.
_gСергей Михайлович
_4070
801 0 _aRU
_bNLR
_c20111116
_gRCR
801 1 _aRU
_bNLR
_c20111116
942 _cBOOK
980 _aNB
980 _aNBR